000 00584nam a2200181 4500
005 20241007165928.0
010 _aENG-141946-47
020 _a9788129138583
_c1600.00
035 _aEN-125478-49
037 _bDBAD
082 _a327.54043
_21
245 _aIndia & Germany:
_bDynamic Partnership/
_cBy Confederation of Indian Industry
250 _a1
260 _aNew Delhi
_bRupa Publications India Pvt. Ltd.
_c2015
270 _a7/16,Ansari Road, Daryaganj
_bNew Delhi
_e110002
300 _a92p.
_bIndex,Col. Ill.
_c30cm(hbk)
942 _2ddc
_cEN
_h327.54043
_mIND
999 _c206152
_d206152